Ein apokryphes Lutherwort zum Interim 1548: Johann Agricola beruft sich auf den Wittenberger Reformator
| Autore principale: | |
|---|---|
| Tipo di documento: | Stampa Articolo |
| Lingua: | Tedesco |
| Verificare la disponibilità: | HBZ Gateway |
| Interlibrary Loan: | Interlibrary Loan for the Fachinformationsdienste (Specialized Information Services in Germany) |
| Pubblicazione: |
1989
|
| In: |
Jahrbuch für Berlin-Brandenburgische Kirchengeschichte
Anno: 1989, Volume: 57, Pagine: 99-123 |
| (sequenze di) soggetti normati: | B
Agricola, Johannes 1494-1566
/ Luther, Martin 1483-1546
/ Augsburger Interim
|
| Notazioni IxTheo: | CH Cristianesimo e società KAA Chiesa; storia KBB Area germanofona |
MARC
| LEADER | 00000caa a22000002c 4500 | ||
|---|---|---|---|
| 001 | 1045703338 | ||
| 003 | DE-627 | ||
| 005 | 20240522112354.0 | ||
| 007 | tu | ||
| 008 | 160405s1989 xx ||||| 00| ||ger c | ||
| 035 | |a (DE-627)1045703338 | ||
| 035 | |a (DE-576)464071992 | ||
| 035 | |a (DE-599)GBV1045703338 | ||
| 040 | |a DE-627 |b ger |c DE-627 |e rda | ||
| 041 | |a ger | ||
| 084 | |a 1 |2 ssgn | ||
| 100 | 1 | |e VerfasserIn |0 (DE-627)1470355353 |0 (DE-576)400355353 |4 aut |a Schulz, Hans | |
| 109 | |a Schulz, Hans |a Schulz, H. |a Schulz, Hans Hermann Friedrich |a Schulz-Gleichen, ... | ||
| 245 | 1 | 4 | |a Ein apokryphes Lutherwort zum Interim 1548 |b Johann Agricola beruft sich auf den Wittenberger Reformator |
| 264 | 1 | |c 1989 | |
| 336 | |a Text |b txt |2 rdacontent | ||
| 337 | |a ohne Hilfsmittel zu benutzen |b n |2 rdamedia | ||
| 338 | |a Band |b nc |2 rdacarrier | ||
| 601 | |a Apokryphen | ||
| 601 | |a Wittenberg | ||
| 601 | |a Reformator | ||
| 652 | |a CH:KAA:KBB | ||
| 689 | 0 | 0 | |d p |0 (DE-588)118501070 |0 (DE-627)079305997 |0 (DE-576)208839429 |2 gnd |a Agricola, Johannes |d 1494-1566 |
| 689 | 0 | 1 | |d p |0 (DE-588)118575449 |0 (DE-627)133813363 |0 (DE-576)162061560 |2 gnd |a Luther, Martin |d 1483-1546 |
| 689 | 0 | 2 | |d u |0 (DE-588)1254242414 |0 (DE-627)1796839582 |0 (DE-576)209726628 |a Augsburger Interim |2 gnd |
| 689 | 0 | |5 (DE-627) | |
| 773 | 0 | 8 | |i In |t Jahrbuch für Berlin-Brandenburgische Kirchengeschichte |d Berlin : Wichern, 1963 |g 57(1989), Seite 99-123 |w (DE-627)129075035 |w (DE-600)2580-X |w (DE-576)01440740X |x 0075-2568 |7 nnas |
| 773 | 1 | 8 | |g volume:57 |g year:1989 |g pages:99-123 |
| 935 | |a mteo |a DTH5 | ||
| 935 | |i Blocktest | ||
| 951 | |a AR | ||
| ELC | |b 1 | ||
| ITA | |a 1 |t 1 | ||
| LOK | |0 000 xxxxxcx a22 zn 4500 | ||
| LOK | |0 001 3292381800 | ||
| LOK | |0 003 DE-627 | ||
| LOK | |0 004 1045703338 | ||
| LOK | |0 005 20240522112354 | ||
| LOK | |0 008 160404||||||||||||||||ger||||||| | ||
| LOK | |0 040 |a DE-Tue135 |c DE-627 |d DE-Tue135 | ||
| LOK | |0 092 |o n | ||
| LOK | |0 852 |a DE-Tue135 | ||
| LOK | |0 852 1 |9 00 | ||
| LOK | |0 935 |a ixzs |a ixmi | ||
| LOK | |0 936ln |0 1442044225 |a KAA | ||
| LOK | |0 936ln |0 1550735845 |a CH | ||
| LOK | |0 936ln |0 1442044721 |a KBB | ||
| LOK | |0 939 |a 04-04-16 |b l01 | ||
| ORI | |a SA-MARC-ixtheoa001.raw | ||
| SYG | 0 | 0 | |a Agricola, Johann,1494-1566,Schnitter, Johann,1494-1566,Interim, Grickel,1494-1566,Grickel,Interim,1494-1566,Agricola, Johannes,aus Eisleben,1494-1566,Eckerlinck, Hans,1494-1566,Eckerling, Hans,1494-1566,Isleben, Joan. Agricola,1494-1566,Issleben, Johan. Agricola,1494-1566,Schneider, Johannes,1494-1566,Sneider, Johannes,1494-1566,Islebius, Johannes,1494-1566,Eyßleben, Johannes,1494-1566,Islebius, Johann Agricola,1494-1566,Isleben, Johann Agricola,1494-1566,Issleben, Johann Agricola,1494-1566,Agricola, Iohannes,1494-1566,Islebius,1494-1566,Sartor, Johann,1494-1566,Schneider, Johann,1494-1566,Isleben, Johann A.,1494-1566,Issleben, Johann A.,1494-1566,Eisleben,1494-1566,Magister Islebius,1494-1566,Agricola, Johann,Eisleben,1494-1566,Agricola, Joannes,1494-1566,Agricola, Joann,1494-1566,Agricola, Johan,1494-1566,Agricol, Johan,1494-1566,Agricola, Johann,zu Eißleben,1494-1566,Agricola, Johannes,von Eisleben,1494-1566,Schnitter, Johan,1494-1566,Islebius Agricola, Johann,1494-1566,Isslebius Agricola, ...,1494-1566,Islebius Agricola, ...,1494-1566,Esslebius Agricola, ...,1494-1566,Isslebius, ...,1494-1566,Eissleben,1494-1566,Eissleuben, ...,1494-1566,Agricola, Johann,von Eisleben,1494-1566,Agri, Johan,1494-1566,Agricola Ammonius, Johannes,1494-1566,Agricola, Johannes Ammonius,1494-1566,Ammonius, Johannes Agricola,1494-1566,Schneider, Johannes,1494-1566,Schnitter, Johannes,1494-1566 , Luther, Martino,1483-1546,Luther, Martinius,1483-1546,Luther, Martinn,1483-1546,Luther, Marttin,1483-1546,Luther, Martthin,1483-1546,Luther, Wartinus,1483-1546,Luther, Marcin,1483-1546,Luther, Marten,1483-1546,Luther, Marton,1483-1546,Luther, Merten,1483-1546,Luther, Märtin,1483-1546,Luther, Morten,1483-1546,Lúther, Marteinn,1483-1546,Luther, Johannes Martin,1483-1546,Luther, D. Martin,1483-1546,Luther, D.,1483-1546,Luther, M.,1483-1546,Luther, Mar.,1483-1546,Luta, Matin,1483-1546,Lutera, Mārtiņa,1483-1546,Lutero, M.,1483-1546,Luters, Mārtiņš,1483-1546,Lutherus, Martin,1483-1546,Luttherus, Martinus,1483-1546,Lutherus, Mar.,1483-1546,Lutherius, Martin,1483-1546,Luterus, Martinus,1483-1546,Luterius, Martin,1483-1546,Lutterus, Martinus,1483-1546,Lutteris, Mertinas,1483-1546,Lutter, Martinus,1483-1546,Lutera, Mahrtina,1483-1546,Luter, Martinus,1483-1546,Lutther, Martinus,1483-1546,Lüther, Martinus,1483-1546,Lüther, Martin,1483-1546,Luhter, Martin,1483-1546,Ludder, Martinus,1483-1546,Luder, Martin,1483-1546,Luderus, Martinus,1483-1546,Lude, Mading,1483-1546,Ludder, Martin,1483-1546,Lūdheảr̮, Mār̮ṯin,1483-1546,Lutr, Marćin,1483-1546,Luth., Mart.,1483-1546,Lut., Martinus,1483-1546,Luttar cāstiri,1483-1546,Eleutherius,1483-1546,Eleutherius, Martinus,1483-1546,Fregosus, Fridericus,1483-1546,Rut'ŏ, Marŭt'in,1483-1546,Luther, Marcźin,1483-1546,Liuterio, Martyno,1483-1546,Luters, Martīņš,1483-1546,Liutērius, Mertinas,1483-1546,Luterus, Mertinas,1483-1546,Luteraus, Mertino,1483-1546,Liuterius, Mertynas,1483-1546,Rutā, Marutin,1483-1546,Rutā,1483-1546,Luther, Marthin,1483-1546,Luter, Martí,1483-1546,Lûter, Marṭîn,1483-1546,Lutero, Martim,1483-1546,Lutero, Martino,1483-1546,Luthēros, Martinos,1483-1546,Luth., Martṇ,1483-1546,Martinus,Luther,1483-1546,D. M. L.,1483-1546,M. L.,Doctor,1483-1546,Lutherus,1483-1546,Luters, MŚartiĆnŚs,1483-1546,Lutter, Martin,1483-1546,Lutero, Martín,1483-1546,Luter, Martin,1483-1546,Martinus Eleutherius,1483-1546,Luther, Maarten,1483-1546,Luther, Martinus,1483-1546,Luther, Márton,1483-1546,Luther, Martti,1483-1546,Luther, Mertyn,1483-1546,Liuteris, Martynas,1483-1546,Ljuter, Martin,1483-1546,Luder, Martinus,1483-1546,Luter, Marcin,1483-1546,Lutero, Martin,1483-1546,Lutherus, Martinus,1483-1546,Lutterus, Mertinas,1483-1546,Lutther, Martin,1483-1546,Luyther, Martinus,1483-1546,L.D.M.,1483-1546,Luth., Martn,1483-1546,Rutʹo, Marutʹin,1483-1546,Luther, Martí,1483-1546,Luters, Martinïs,1483-1546,Lutr, Martin,1483-1546,Liuter, Martin,1483-1546,Luters, Martins,1483-1546,D. M. L. A.,1483-1546 , Interim,Der Römisch-kaiserlichen Majestät Erklärung, wie es der Religion halben im heiligen Reich bis zum Austrag des allgemeinen Concilii gehalten werden soll,Erklärung, wie es der Religion halben im heiligen Reich bis zum Austrag des allgemeinen Concilii gehalten werden soll |